Ten Black Dots (Record no. 11806)
[ view plain ]
| 000 -LEADER | |
|---|---|
| fixed length control field | 00244nam a22000977a 4500 |
| 008 - FIXED-LENGTH DATA ELEMENTS--GENERAL INFORMATION | |
| fixed length control field | 200220b ||||| |||| 00| 0 eng d |
| 020 ## - INTERNATIONAL STANDARD BOOK NUMBER | |
| International Standard Book Number | 0590464795 |
| 100 ## - MAIN ENTRY--PERSONAL NAME | |
| Personal name | Crews Donald |
| 9 (RLIN) | 7417 |
| 245 ## - TITLE STATEMENT | |
| Title | Ten Black Dots |
| 260 ## - PUBLICATION, DISTRIBUTION, ETC. (IMPRINT) | |
| Place of publication, distribution, etc. | New York |
| Name of publisher, distributor, etc. | Scholastic |
| Date of publication, distribution, etc. | 1992 |
No items available.